Matrix vector analysis

Guardat en:
Dades bibliogràfiques
Autor principal: Eisenman, Richard L (Autor)
Format: Llibre
Idioma:anglès
Publicat: Nueva York Dover 2005
Edició:1a. ed
Matèries:
Etiquetes: Afegir etiqueta
Sense etiquetes, Sigues el primer a etiquetar aquest registre!

MARC

LEADER 00000nam a2200000 a 4500
001 UCJ0185
003 CL-VaPUC
008 060707e20050000US |||||||||||||||||eng|d
020 |a 0486441814 
082 0 4 |a 515.63  |b EIS  |2 21 
100 0 |a Eisenman, Richard L  |e author  |9 500231 
245 1 0 |a Matrix vector analysis 
250 |a 1a. ed 
300 |a 314 p 
942 |c BK 
945 |d 20060707 00:00:00  |a cmena 
260 |a Nueva York  |b Dover  |c 2005 
650 0 |a Análisis vectorial   |9 260451 
650 0 |a Matrices   |9 22 
583 |a last modification  |c 20130320 01:30:03  |k Rodrigo Vera 
999 |c 317112  |d 317110 
952 |0 0  |1 0  |4 0  |6 515_630000000000000_EIS_2005  |7 0  |8 A  |9 392875  |a FDOPOS  |b FDOPOS  |d 2019-11-22  |i 4251741  |o 515.63 EIS 2005  |p 4251741  |r 2025-01-22  |w 2019-11-22  |y BK  |k MLA